banner-ar

LA BARRICADE / (Record no. 16305)

MARC details
000 -الفاتح
حقل البيانات ثابتة الطول 00510nam a2200193Ia 4500
008 - عناصر البيانات ثابتة الطول - معلومات عامة
حقل البيانات ثابتة الطول 140319s9999 xx 000 0 eng d
040 ## - مصدر الفهرسة
وكالة الفهرسة الأصلية GCL /
وكالة النسخ GCL
082 04 - رقم تصنيف ديوى العشرى
رقم التصنيف 944.07
رقم المادة C B
100 1# - المدخل الرئيسى - إسم شخصى
الإسم الشخصى CORBIN, ALAIN
245 10 - بيان العنوان
العنوان LA BARRICADE /
بيان المسئوليه,etc CORBIN, ALAIN
700 1# - المدخل الاضافى - اسم شخصى
الإسم الشخصى MAYEUR, JEAN - MARIE
260 ## - PUBLICATION, DISTRIBUTION, ETC. (IMPRINT)
تاريخ النشر أو التوزيع 1997
300 ## - الوصف المادى
التعداد 522 P
650 04 - المدخل الاضافى بالموضوع-مصطلح موضوعى
مصطلح موضوعي FRANCE - HISTORY - 1848
650 04 - المدخل الاضافى بالموضوع-مصطلح موضوعى
مصطلح موضوعي HISTORY
650 04 - المدخل الاضافى بالموضوع-مصطلح موضوعى
مصطلح موضوعي FRANCE - REVOLUTION, 1848
942 ## - عناصر المدخل الإضافي( كوها)
مصدر التصنيف او مخطط الترفيف Dewey Decimal Classification
Koha [default] item type كتاب
260 ## - PUBLICATION, DISTRIBUTION, ETC. (IMPRINT)
-- [S.N] :
-- PUBLICATIONS DE LA SORBONNE ،
Holdings
حالة التراجع حالة الفقد حالة تلف ليس للاعارة المكان المؤقت الموقع الحالى تاريخ الاكتساب اجمالي اﻻعارات رقم الطلب الباركود تاريخ اخر مشاهدة تاريخ تفعيل السعر نوع وعاء كوها
        مكتبة القاهرة الكبرى مكتبة القاهرة الكبرى 03/26/2014   944.07\C B 29706 03/26/2014 03/26/2014 كتاب

Powered By

EGPV